| 000 | 01150nam a2200337 i 4500 | ||
|---|---|---|---|
| 001 | 768714001 | ||
| 003 | CO-MdFUSB | ||
| 005 | 20250516092517.0 | ||
| 008 | 181009t20012002xxu||||| |||| 00| 0 spa d | ||
| 020 | _a996888104X | ||
| 040 |
_aCO-MdFUSB _bspa _cCO-MdFUSB _dCO-MdFUSBC _erda |
||
| 041 |
_aspa _heng |
||
| 082 |
_222 _a248.2 _bED26 |
||
| 100 |
_aEdwards, Dwight, _eautor |
||
| 240 | _aRevolution Within | ||
| 245 | 1 |
_aCristo en nosotros _b: una revolución interior _c/ Dwight Edwards ; traducido por L y S. Hussey. |
|
| 250 | _a5 edición | ||
| 264 | 1 |
_aColorado _bWaterBrook Press, _c[2001] |
|
| 264 | 4 | _c©2001 | |
| 300 |
_a235 páginas _c; 21 cm. |
||
| 336 |
_2rdacontent _atexto _btxt |
||
| 337 |
_2rdamedia _asin mediación _bn |
||
| 338 |
_2rdacarrier _avolumen _bnc |
||
| 504 | _aIncluye referencias bibliográficas (páginas: 227-235) | ||
| 505 | _aPrefacio: una mirada fresca a nuestra intimidad con Dios -- una mirada fresca a la libertad en Cristo -- es tiempo para una revolución | ||
| 563 | _arústico. | ||
| 650 | 0 |
_919 _aVida cristiana |
|
| 650 | 0 |
_aVida espiritual _951 |
|
| 942 | _cBK | ||
| 945 | _aJTF-925 | ||
| 999 |
_c64612 _d64612 |
||